000
00228 a2200097 4500
001
52989
090
_c
33315
_d
33315
100
_a
Reader Digest Associate
245
_a
Write Better Speak Better
260
_a
London
_b
Reader Digest Associate
942
_a
NUST-CAE
999
_c
288062
_d
288062